Front office skills : a practical approach / (Record no. 5537)

MARC details
000 -LEADER
fixed length control field 00693nam a22002057a 4500
003 - CONTROL NUMBER IDENTIFIER
control field OSt
005 - DATE AND TIME OF LATEST TRANSACTION
control field 20251106021252.0
008 - FIXED-LENGTH DATA ELEMENTS--GENERAL INFORMATION
fixed length control field 251106b |||||||| |||| 00| 0 eng d
020 ## - INTERNATIONAL STANDARD BOOK NUMBER
International Standard Book Number 13 : 978-981-06-9615-3.
040 ## - CATALOGING SOURCE
Original cataloging agency DWCL-Admin lib
Transcribing agency OC
082 ## - DEWEY DECIMAL CLASSIFICATION NUMBER
Classification number Circ. 647.94 Os82f 2011
100 ## - MAIN ENTRY--PERSONAL NAME
Personal name O'Shanney, Vivienne
245 ## - TITLE STATEMENT
Title Front office skills : a practical approach /
Statement of responsibility, etc. Vivienne O'Shanney
260 ## - PUBLICATION, DISTRIBUTION, ETC.
Place of publication, distribution, etc. Singapore :
Name of publisher, distributor, etc. Pearson Education South Asia Pte Ltd. ,
Date of publication, distribution, etc. c2011
300 ## - PHYSICAL DESCRIPTION
Extent v, 370 p. : ill. ;
Dimensions 24 cm.
504 ## - BIBLIOGRAPHY, ETC. NOTE
Bibliography, etc. note Includes bibliographical references & index.
650 ## - SUBJECT ADDED ENTRY--TOPICAL TERM
Topical term or geographic name entry element 1. Customer relations
651 ## - SUBJECT ADDED ENTRY--GEOGRAPHIC NAME
Geographic name 2. Hotel front desk personnel.
942 ## - ADDED ENTRY ELEMENTS (KOHA)
Source of classification or shelving scheme Dewey Decimal Classification
Koha item type Book Circulation
Call number prefix Circ.
Suppress in OPAC No
952 ## - LOCATION AND ITEM INFORMATION (KOHA)
--
Holdings
Withdrawn status Lost status Source of classification or shelving scheme Damaged status Not for loan Home library Current library Shelving location Date acquired Source of acquisition Cost, normal purchase price Total Checkouts Full call number Barcode Date last seen Copy number Price effective from Koha item type Uniform Resource Identifier
    Dewey Decimal Classification     HM & Nursing Library HM & Nursing Library Circulation 05/13/2011 School Fund 0.00   Circ. 647.94 Os82f 2011 48357 11/06/2025 c1 11/06/2025 BK-CIRC